00329 a2200121 450000500170000002000190001708200160003610000200005224500450007226000310011730000380014870000210018620250621120507.0 a0-256-05626-9  a658.84 CAT  aCATEORA, P. R.  aMarketing: An International Perspective  aHomewood, bIrwin, c1987. axi, 172p.: ill.;bIndex, c22cm.  aKEAVENEY, S. M.